000 00536cam a22002171 4500
001 sa 67003751
003 DLC
005 20260227112340.0
008 890721s1966 ii 000 0 hino
010 _asa 67003751
035 _a(OCoLC)20053040
040 _aDLC
_cWaU
_dDLC
042 _apremarc
050 0 0 _aPK1934
_b.D5
100 1 _aDīmaśitsa, J. M.
245 1 0 _aHindī vyākaraṇa kī rūparekhā.
260 _c[1966]
300 _a3, 4, 323 p.
_c23 cm.
500 _aIn Hindi.
650 0 _aHindi language
_xGrammar.
999 _c74037
_d74037